000 00755nam 22002533 4500
001 199223
010 _a972-31-1063-6
021 _aPT
_b208 740/04
090 _a199223
100 _a20251124d u||y0pory50 ba
101 _apor
102 _aPT
200 _aFilosofia do direito
_fArthur Kaufmann
_gprefácio e tradução António Ulisses Cortês
210 _aLisboa
_cFundação Calouste Gulbenkian
_d2004
215 _aXXXII, 534, [1] p.
_cbrochado
_d24 cm
606 _97813
_aDireito
610 _aFilosofia do direito
675 _a340.12
_vPT
_zpor
675 _a378(469)
_vPT
_zpor
700 _915124
_aKaufmann
_bArthur
_f1923-2001
702 _915125
_aCortês
_bAntónio Ulisses
_f1935-
801 _aPT
_bBMMN
_gRPC
830 _cAna
_fAna
990 _cLIVROS